000
00193nam a22000857a 4500
001
1242713
005
20251015104709.0
245
_a
KONUŞMAK YOK
_c
ANDREW CLEMENTS
260
_b
GÜNIŞIĞI YAYINLARI
999
_c
1242713
_d
1242713